000 01088nas a2200253 454500
001 20137
005 20260407193506.0
008 260407s1977####ag###########|||spa#d
003 AR-UNSa-BCEJYS
040 _aAR-UNSa-BCEJYS
_bspa
_cAR-UNSa-BCEJYS
080 _a338
_xSituación económica. Política económica. Gestión de la economía. Planificación de la economía. Producción. Servicios. Precios
245 1 0 _aPerspectivas económicas
264 1 _aWashington :
_bInformation Agency
_c1977
310 _aFrecuencia: Trimestral Cambia de Director a partir del Nº 47 por Stewart W. Ramsey
505 _aSu propósito es ofrecer análisis e información pertinente sobre la economía estadounidense en el marco mundial
942 _cSER
590 _aniveau_biblio:s niveau_hierar:1
100 1 _aCrook, Dorothy
650 _aEstados Unidos
650 _aCondiciones económicas
650 _aInvestigación económica
650 _aECONOMIA INTERNACIONAL
856 4 1 _uhttps://biblioeco.unsa.edu.ar/pmb/images/revistas/Perspectivas Econ?micas.jpg
_yImagen de portada
_qimage/jpeg
999 _c8533
_d8533